| 000 | 00723nam a22002537a 4500 | ||
|---|---|---|---|
| 003 | OSt | ||
| 005 | 20220107122712.0 | ||
| 008 | 130515b xxu||||| |||| 00| 0 eng d | ||
| 020 | _a9783527314188 | ||
| 040 | _cIIITM-K | ||
| 082 | _a540 OTT/C | ||
| 100 |
_aOtto, Matthias _9128 |
||
| 245 |
_aChemometrics: _bStatistics and computer application in Analytical Chemistry _cby Matthias Otto |
||
| 250 | _a2nd ed. | ||
| 260 |
_aWeinheim, _bWiley-VCH, _c2007. |
||
| 300 | _axiv, 328p. | ||
| 650 |
_aCHEMISTRY _9129 |
||
| 650 |
_aANALYTICAL CHEMISTRY _9979 |
||
| 650 |
_aCOMPUTATIONAL CHEMISTRY _9980 |
||
| 650 |
_aCHEMICAL INFORMATICS _9981 |
||
| 650 |
_aSTATISTICS _9130 |
||
| 650 |
_aCHEMOMETRICS _9132 |
||
| 942 |
_2ddc _cBK |
||
| 999 |
_c2953 _d2953 |
||